000 01238nam a2200325 i 4500
003 EG-GICUC
005 20260210094842.0
008 260210s1984 |||||||fr|||| 00| 0 ara d
017 _a1983/5317
020 _a9771000942
040 _a EG-GICUC
_bara
_c EG-GICUC
_d EG-GICUC
_erda
041 _aara
082 0 4 _a343.442
_bم أ . ق
_221
092 0 4 _221
099 _aLaw1 10 343.442 م أ . ق 1984 1006459
100 0 _aالدكتور مأمون محمد سلامة
_eمؤلف.
245 1 0 _aقانون الأحكام العسكرية :
_bالعقوبات والإجراءات /
_cالدكتور مأمون محمد سلامة
264 1 _aالقاهرة :
_bدار الفكر العربي،
_c1984.
300 _a505 صفحة ؛
_c24 سم
_bإيضاحيات، صور، مثيليات ؛
336 _2rda content
_atext
337 _2rda media
_aComputer
338 _2rda carrier
_aOnline Resource
504 _aيشتمل على ارجاعات ببليوجرافية
650 1 _aقانون العقوبات العسكري.
_2qrmak
650 1 _aالقانون الجنائي.
_2qrmak
651 1 _2qrmak
856 4 0 _uhttps://fll.law.cu.edu.eg/fulltext/bks/B10-06459.pdf
905 _a18
942 _2ddc
_cBK
_e21
_n0
999 _c62355
_d62355